[Event "Hamburg HSK Easter op"]
[Site "Hamburg"]
[Date "2024.03.29"]
[Round "1"]
[White "Wang, Huanying"]
[Black "Knaak, Michael"]
[Result "0-1"]
[WhiteElo "1522"]
[BlackElo "1892"]
[PlyCount "57"]
[EventDate "2024.03.29"]
[EventType "swiss"]
[EventRounds "7"]
[EventCountry "GER"]
[SourceTitle "CB18_2024"]
[SourceDate "2024.05.01"]
[SourceVersion "1"]
[SourceVersionDate "2024.05.01"]
[SourceQuality "2"]

1. e4 Nf6 2. d3 e5 3. Nd2 d5 4. Nb3 dxe4 5. Bd2 exd3 6. cxd3 Nc6 7. Bc3 Bd6 8. Nf3 0-0 9. Be2 Nd5 10. 0-0 Nf4 11. Kh1 f6 12. Rg1 Nxe2 13. Qxe2 Qe8 14. Nbd2 Be6 15. Ne4 Be7 16. Qd2 Qd7 17. b4 b6 18. Ne1 Bf5 19. Ng3 Bg6 20. Rf1 Rad8 21. Rb1 Bxd3 22. Nxd3 Qxd3 23. Qb2 Rfe8 24. Kg1 Qg6 25. Qe2 Rd3 26. Qe1 Red8 27. Ne4 Nd4 28. Bxd4 R3xd4 29. f3 0-1

[Event "Hamburg-chT Landesliga 1213"]
[Site "Hamburg"]
[Date "2013.04.13"]
[Round "8.7"]
[White "Knaak, Michael"]
[Black "Paul, Anatolij"]
[Result "0-1"]
[WhiteElo "1905"]
[BlackElo "2024"]
[PlyCount "90"]
[EventDate "2012.10.14"]
[EventType "team-tourn"]
[EventRounds "9"]
[EventCountry "GER"]
[SourceTitle "EXT 2022"]
[Source "ChessBase"]
[SourceDate "2021.10.06"]
[SourceVersion "1"]
[SourceVersionDate "2021.10.06"]
[SourceQuality "1"]
[WhiteTeam "St Pauli II"]
[BlackTeam "Grosshansdorf"]
[WhiteTeamCountry "GER"]
[BlackTeamCountry "GER"]

1. e4 d6 2. d4 Nf6 3. Nc3 e5 4. Nf3 Nbd7 5. Bc4 Be7 6. 0-0 0-0 7. h3 c6 8. a4 Qc7 9. a5 Nxe4 10. Bxf7+ Rxf7 11. Nxe4 d5 12. Neg5 Bxg5 13. Nxg5 Rf6 14. dxe5 Nxe5 15. Re1 Bd7 16. b3 h6 17. Bb2 Re8 18. Qd4 Rf5 19. f4 hxg5 20. fxe5 a6 21. Qd2 Be6 22. Rf1 Ref8 23. g4 Rf4 24. Bd4 c5 25. Be3 Rf3 26. Rxf3 Rxf3 27. Kg2 Qxe5 28. Kxf3 Qxa1 29. Bxg5 d4 30. Be7 Qf1+ 31. Kg3 Qf7 32. Qg5 c4 33. bxc4 Bxc4 34. Qc5 d3 35. cxd3 Bxd3 36. Qc8+ Kh7 37. Qxb7 Qe6 38. Qf3 Qe1+ 39. Kf4 Bg6 40. Qa3 Qe4+ 41. Kg3 Qe1+ 42. Kf4 Qe4+ 43. Kg3 Qe5+ 44. Kh4 Bc2 45. Qc5 g5+ 0-1

[Event "Hamburg St Pauli op-A"]
[Site "Hamburg"]
[Date "2011.07.17"]
[Round "9"]
[White "Knaak, Michael"]
[Black "Jung, Gerald"]
[Result "0-1"]
[WhiteElo "1919"]
[BlackElo "2022"]
[PlyCount "50"]
[EventDate "2011.07.09"]
[EventType "swiss"]
[EventRounds "9"]
[EventCountry "GER"]
[SourceTitle "CBM 143 Extra"]
[Source "ChessBase"]
[SourceDate "2011.08.29"]
[SourceVersion "1"]
[SourceVersionDate "2011.08.29"]
[SourceQuality "1"]

1. d4 Nf6 2. Bg5 Ne4 3. Bh4 c5 4. f3 g5 5. fxe4 gxh4 6. e3 Bh6 7. Qh5 Qb6 8. Nd2 cxd4 9. Ngf3 Bxe3 10. 0-0-0 Qg6 11. Qe5 f6 12. Qc7 Nc6 13. Kb1 Qh6 14. Bb5 Bf4 15. e5 fxe5 16. Ne4 d5 17. Nc5 Qd6 18. Qxd6 exd6 19. Nd3 0-0 20. Nxh4 Be3 21. h3 e4 22. Bxc6 bxc6 23. Nb4 Bd7 24. Na6 Rac8 25. g4 c5 0-1

[Event "Hamburg St Pauli op-A"]
[Site "Hamburg"]
[Date "2011.07.15"]
[Round "8"]
[White "Nixdorf, Andre"]
[Black "Knaak, Michael"]
[Result "0-1"]
[WhiteElo "1974"]
[BlackElo "1919"]
[PlyCount "46"]
[EventDate "2011.07.09"]
[EventType "swiss"]
[EventRounds "9"]
[EventCountry "GER"]
[SourceTitle "CBM 143 Extra"]
[Source "ChessBase"]
[SourceDate "2011.08.29"]
[SourceVersion "1"]
[SourceVersionDate "2011.08.29"]
[SourceQuality "1"]

1. e4 e6 2. d4 d5 3. Nc3 Bb4 4. e5 c5 5. a3 Bxc3+ 6. bxc3 Ne7 7. Nf3 Nbc6 8. a4 Qa5 9. Bd2 Bd7 10. Be2 f6 11. exf6 gxf6 12. Nh4 0-0-0 13. 0-0 Ng6 14. Nf3 c4 15. Qc1 e5 16. dxe5 Ncxe5 17. Nxe5 Nxe5 18. Be3 Rhg8 19. Bd4 Bh3 20. g3 Bxf1 21. Kxf1 Nc6 22. Qf4 Nxd4 23. Qxd4 Qb6 0-1

[Event "Hamburg St Pauli op-A"]
[Site "Hamburg"]
[Date "2011.07.11"]
[Round "4"]
[White "Rieling, Thomas"]
[Black "Knaak, Michael"]
[Result "1-0"]
[WhiteElo "2133"]
[BlackElo "1919"]
[PlyCount "81"]
[EventDate "2011.07.09"]
[EventType "swiss"]
[EventRounds "9"]
[EventCountry "GER"]
[SourceTitle "CBM 143 Extra"]
[Source "ChessBase"]
[SourceDate "2011.08.29"]
[SourceVersion "1"]
[SourceVersionDate "2011.08.29"]
[SourceQuality "1"]

1. e4 e6 2. d4 d5 3. Nc3 Bb4 4. e5 c5 5. Bd2 Nh6 6. Bxh6 gxh6 7. a3 Ba5 8. b4 cxd4 9. Nb5 Bc7 10. f4 a6 11. Nxd4 Bb6 12. Ngf3 Qc7 13. Qd2 Nc6 14. c3 Bd7 15. Bd3 Nxd4 16. cxd4 Rc8 17. 0-0 Qc3 18. Qe2 Bxd4+ 19. Nxd4 Qxd4+ 20. Kh1 Ke7 21. Rad1 Qc3 22. Qg4 Ba4 23. Qh4+ Kd7 24. Qf6 Rhe8 25. Bc2 Qxc2 26. Rxd5+ Kc7 27. Rc5+ Kd7 28. Rxc2 Bxc2 29. Rc1 Bg6 30. Rd1+ Kc7 31. g4 Rcd8 32. Rxd8 Rxd8 33. f5 exf5 34. gxf5 Rd1+ 35. Kg2 Rd2+ 36. Kg3 Rd3+ 37. Kf4 Bh5 38. Qxh6 Be2 39. Qxh7 Rf3+ 40. Ke4 Rxf5 41. Qxf5 1-0

[Event "Pinneberg-ch"]
[Site "Pinneberg"]
[Date "2010.10.07"]
[Round "7"]
[White "Retzlaff, Wolfgang"]
[Black "Knaak, Michael"]
[Result "0-1"]
[WhiteElo "1731"]
[BlackElo "1946"]
[PlyCount "62"]
[EventDate "2010.08.26"]
[EventType "swiss"]
[EventRounds "7"]
[EventCountry "GER"]
[SourceTitle "EXT 2011"]
[Source "ChessBase"]
[SourceDate "2010.11.26"]
[SourceVersion "1"]
[SourceVersionDate "2010.11.26"]
[SourceQuality "1"]

1. c4 e5 2. Nc3 Nf6 3. g3 Bb4 4. Bg2 Nc6 5. e3 Bxc3 6. bxc3 0-0 7. Ne2 Re8 8. 0-0 e4 9. f3 exf3 10. Bxf3 Ne5 11. Bd5 c6 12. Bg2 Nxc4 13. Nd4 d5 14. Qb3 Ne5 15. Nf3 b6 16. Qc2 Ba6 17. Nxe5 Bxf1 18. Nxc6 Qc7 19. Kxf1 Qxc6 20. Bb2 Rac8 21. Kg1 Qc4 22. Bf1 Qg4 23. Qd3 Qe4 24. Qe2 h5 25. Bh3 Ng4 26. Rc1 d4 27. Bg2 Qe5 28. c4 Qc5 29. exd4 Rxe2 30. dxc5 Rxc5 31. Rc2 Re1+ 0-1

[Event "Pinneberg-ch"]
[Site "Pinneberg"]
[Date "2010.09.23"]
[Round "5"]
[White "Knaak, Michael"]
[Black "Isenecker, Frank"]
[Result "1-0"]
[WhiteElo "1946"]
[BlackElo "1434"]
[PlyCount "61"]
[EventDate "2010.08.26"]
[EventType "swiss"]
[EventRounds "7"]
[EventCountry "GER"]
[SourceTitle "EXT 2011"]
[Source "ChessBase"]
[SourceDate "2010.11.26"]
[SourceVersion "1"]
[SourceVersionDate "2010.11.26"]
[SourceQuality "1"]

1. e4 e6 2. d4 d5 3. e5 c5 4. c3 Nc6 5. Nf3 cxd4 6. cxd4 Bb4+ 7. Nc3 Qa5 8. Bd2 Qb6 9. a3 Bxc3 10. Bxc3 Nge7 11. Bd3 0-0 12. h4 f5 13. exf6 Rxf6 14. Ng5 Nf5 15. Qh5 h6 16. Qe8+ Rf8 17. Qg6 hxg5 18. hxg5 Nce7 19. Qh5 Bd7 20. g4 Be8 21. Qh7+ Kf7 22. gxf5 exf5 23. Rh6 Bc6 24. Rf6+ Ke8 25. Rxf8+ Kxf8 26. Qh8+ Ng8 27. Bxf5 Re8+ 28. Kd2 Qc7 29. Qh4 Qf7 30. Bd3 Qe7 31. Bb4 1-0

[Event "Pinneberg-ch"]
[Site "Pinneberg"]
[Date "2010.09.16"]
[Round "4"]
[White "Rakhmanov, Vsevolod"]
[Black "Knaak, Michael"]
[Result "1-0"]
[WhiteElo "1712"]
[BlackElo "1946"]
[PlyCount "43"]
[EventDate "2010.08.26"]
[EventType "swiss"]
[EventRounds "7"]
[EventCountry "GER"]
[SourceTitle "EXT 2011"]
[Source "ChessBase"]
[SourceDate "2010.11.26"]
[SourceVersion "1"]
[SourceVersionDate "2010.11.26"]
[SourceQuality "1"]

1. e4 e5 2. Nf3 d6 3. Nc3 Nf6 4. Bc4 Be7 5. d3 0-0 6. Nd5 Nxd5 7. Bxd5 c6 8. Bb3 Nd7 9. c3 Nf6 10. h3 Qc7 11. Bg5 h6 12. Bxf6 Bxf6 13. 0-0 Re8 14. Nh2 g6 15. Kh1 b6 16. f4 Re7 17. f5 gxf5 18. exf5 Kh7 19. Qh5 d5 20. Ng4 Bg5 21. h4 Bd2 22. Rad1 1-0

[Event "Pinneberg-ch"]
[Site "Pinneberg"]
[Date "2009.10.08"]
[Round "7"]
[White "Knaak, Michael"]
[Black "Hamann, Frank"]
[Result "0-1"]
[WhiteElo "2022"]
[BlackElo "1918"]
[PlyCount "110"]
[EventDate "2009.08.27"]
[EventType "swiss"]
[EventRounds "7"]
[EventCountry "GER"]
[SourceTitle "EXT 2012"]
[Source "ChessBase"]
[SourceDate "2011.11.24"]
[SourceVersion "1"]
[SourceVersionDate "2011.11.24"]
[SourceQuality "1"]

1. d4 Nf6 2. c4 g6 3. Nc3 d5 4. cxd5 Nxd5 5. e4 Nxc3 6. bxc3 Bg7 7. Bc4 c5 8. Ne2 0-0 9. 0-0 Nc6 10. Be3 Qc7 11. Rc1 Rd8 12. Qd2 Na5 13. Bd3 Be6 14. d5 c4 15. Bb1 Bd7 16. Bg5 Ba4 17. Qe3 b6 18. f4 Re8 19. f5 Nb7 20. fxg6 hxg6 21. Rf3 Qc5 22. Nd4 Bd7 23. Qf2 Nd8 24. Be3 Qd6 25. Qd2 e6 26. dxe6 Nxe6 27. Rcf1 Rf8 28. R3f2 Rad8 29. Qe2 Nxd4 30. cxd4 a6 31. e5 Qd5 32. Bg5 Rde8 33. Be3 b5 34. h4 b4 35. h5 Re6 36. hxg6 fxg6 37. Rxf8+ Bxf8 38. Qg4 Rf6 39. Qg5 Rxf1+ 40. Kxf1 Qf7+ 41. Ke2 Be8 42. Be4 c3 43. d5 Bb5+ 44. Bd3 Bxd3+ 45. Kxd3 Qxd5+ 46. Bd4 Kh7 47. Qf6 Qb5+ 48. Ke3 Bh6+ 49. Ke4 Qe2+ 50. Kd5 Qxg2+ 51. Kd6 Qd2 52. Qe7+ Bg7 53. Qh4+ Kg8 54. Qd8+ Bf8+ 55. Kc7 c2 0-1

[Event "Pinneberg-ch"]
[Site "Pinneberg"]
[Date "2009.08.27"]
[Round "1"]
[White "Knaak, Michael"]
[Black "Chaichi Tehrani, Fereydoon"]
[Result "1-0"]
[WhiteElo "2022"]
[BlackElo "1118"]
[PlyCount "85"]
[EventDate "2009.08.27"]
[EventType "swiss"]
[EventRounds "7"]
[EventCountry "GER"]
[SourceTitle "EXT 2012"]
[Source "ChessBase"]
[SourceDate "2011.11.24"]
[SourceVersion "1"]
[SourceVersionDate "2011.11.24"]
[SourceQuality "1"]

1. d4 e6 2. e4 d6 3. Nf3 Be7 4. Bd3 Nf6 5. 0-0 0-0 6. Re1 h6 7. h3 c6 8. Be3 b5 9. Nbd2 d5 10. e5 Nh7 11. Nf1 Nd7 12. c3 f5 13. exf6 Nhxf6 14. Qe2 a6 15. Bxh6 gxh6 16. Qxe6+ Kg7 17. Qxe7+ Qxe7 18. Rxe7+ Rf7 19. Rxf7+ Kxf7 20. Re1 c5 21. Bf5 cxd4 22. Nxd4 Nb6 23. Bxc8 Rxc8 24. Nf5 Kg6 25. Ne7+ Kg5 26. Nxc8 Nxc8 27. Ne3 a5 28. Nxd5 Nxd5 29. Re5+ Kf4 30. Rxd5 Na7 31. Rh5 Ke4 32. Rxh6 Kd3 33. Re6 Kc2 34. Re2+ Kb1 35. a3 Ka2 36. h4 Nc6 37. h5 Nd8 38. h6 Kb3 39. h7 Nf7 40. g4 a4 41. g5 Kc4 42. g6 Nh8 43. g7 1-0

[Event "Pinneberg-ch"]
[Site "Pinneberg"]
[Date "2007.10.11"]
[Round "7"]
[White "Knaak, Michael"]
[Black "Draeger, Klaus"]
[Result "0-1"]
[WhiteElo "1981"]
[BlackElo "1932"]
[PlyCount "50"]
[EventDate "2007.08.30"]
[EventType "swiss"]
[EventRounds "7"]
[EventCountry "GER"]
[SourceTitle "CBM 120 Extra"]
[Source "ChessBase"]
[SourceDate "2007.11.01"]
[SourceVersion "1"]
[SourceVersionDate "2007.11.01"]
[SourceQuality "1"]

1. Nc3 Nf6 2. e4 d6 3. d4 g6 4. f4 Bg7 5. e5 dxe5 6. dxe5 Qxd1+ 7. Kxd1 Ng4 8. Ke1 Na6 9. h3 Nb4 10. hxg4 Nxc2+ 11. Kd2 Nxa1 12. b3 Bxg4 13. Bb2 0-0-0+ 14. Kc1 Nxb3+ 15. axb3 h5 16. Bc4 e6 17. Nge2 a6 18. b4 b5 19. Bb3 Bf8 20. Ba3 Rd3 21. Kc2 Bf5 22. Kb2 Be7 23. Rd1 Rhd8 24. Bc2 Rd2 25. Rc1 Bd3 0-1

[Event "Pinneberg-ch"]
[Site "Pinneberg"]
[Date "2007.09.20"]
[Round "4"]
[White "Hawranke, Dietrich"]
[Black "Knaak, Michael"]
[Result "1-0"]
[WhiteElo "2131"]
[BlackElo "1981"]
[PlyCount "43"]
[EventDate "2007.08.30"]
[EventType "swiss"]
[EventRounds "7"]
[EventCountry "GER"]
[SourceTitle "CBM 120 Extra"]
[Source "ChessBase"]
[SourceDate "2007.11.01"]
[SourceVersion "1"]
[SourceVersionDate "2007.11.01"]
[SourceQuality "1"]

1. d4 d5 2. Nf3 Nc6 3. Bf4 Bg4 4. c4 e6 5. Nc3 Bb4 6. e3 Nge7 7. Rc1 0-0 8. Bd3 Ng6 9. Bg3 dxc4 10. Bxc4 e5 11. dxe5 Qxd1+ 12. Rxd1 Bxf3 13. gxf3 Ncxe5 14. Be2 Rad8 15. f4 Rxd1+ 16. Kxd1 Nd7 17. Kc2 f5 18. Rd1 Nb6 19. Nd5 Nxd5 20. Rxd5 Rf6 21. Bc4 Kf8 22. Rb5 1-0

[Event "Hamburg HSK Elo op 5th"]
[Site "Hamburg"]
[Date "2007.05.01"]
[Round "7.17"]
[White "Knaak, Michael"]
[Black "Schmidt, Jade"]
[Result "0-1"]
[WhiteElo "1969"]
[BlackElo "1913"]
[PlyCount "42"]
[EventDate "2007.04.28"]
[EventType "swiss"]
[EventRounds "7"]
[EventCountry "GER"]
[SourceTitle "EXT 2009"]
[Source "ChessBase"]
[SourceDate "2008.11.26"]
[SourceVersion "1"]
[SourceVersionDate "2008.11.26"]
[SourceQuality "1"]

1. e4 c5 2. d4 cxd4 3. c3 dxc3 4. Nxc3 Nc6 5. Nf3 d6 6. Bc4 a6 7. 0-0 Nf6 8. Bg5 e6 9. Qe2 Be7 10. Rfd1 Qc7 11. Rac1 Qb8 12. Rd2 0-0 13. Rcd1 b5 14. Bd3 Bb7 15. Bb1 Rd8 16. h3 Qc7 17. Bf4 Ne5 18. Nh2 b4 19. Na4 Qc6 20. b3 Nxe4 21. Rc2 Nc3 0-1

[Event "Hamburg HSK Elo op 5th"]
[Site "Hamburg"]
[Date "2007.04.28"]
[Round "2.18"]
[White "Schroeder, Kai Uwe"]
[Black "Knaak, Michael"]
[Result "1/2-1/2"]
[WhiteElo "1799"]
[BlackElo "1969"]
[PlyCount "45"]
[EventDate "2007.04.28"]
[EventType "swiss"]
[EventRounds "7"]
[EventCountry "GER"]
[SourceTitle "EXT 2009"]
[Source "ChessBase"]
[SourceDate "2008.11.26"]
[SourceVersion "1"]
[SourceVersionDate "2008.11.26"]
[SourceQuality "1"]

1. e4 e5 2. Nf3 d6 3. d4 exd4 4. Nxd4 Nf6 5. Nc3 Be7 6. Bc4 0-0 7. 0-0 Re8 8. Bb3 c6 9. a4 Nbd7 10. Nf5 Nc5 11. Nxe7+ Qxe7 12. Bg5 Nxb3 13. cxb3 Qe5 14. Be3 Ng4 15. f4 Nxe3 16. fxe5 Nxd1 17. Raxd1 dxe5 18. b4 Be6 19. Rd6 Re7 20. Rfd1 g6 21. a5 a6 22. R1d2 f5 23. g3 1/2-1/2

[Event "Vienna op-A 15th"]
[Site "Vienna"]
[Date "2006.08.06"]
[Round "9"]
[White "Knaak, Michael"]
[Black "Arif, Bayu"]
[Result "0-1"]
[WhiteElo "1981"]
[BlackElo "2062"]
[PlyCount "52"]
[EventDate "2006.07.29"]
[EventType "swiss"]
[EventRounds "9"]
[EventCountry "AUT"]
[SourceTitle "CBM 113 Extra"]
[Source "ChessBase"]
[SourceDate "2006.09.14"]
[SourceVersion "1"]
[SourceVersionDate "2006.09.14"]
[SourceQuality "1"]

1. e4 e6 2. d4 d5 3. Nc3 Nf6 4. Bg5 Be7 5. e5 Nfd7 6. h4 Bxg5 7. hxg5 Qxg5 8. Nh3 Qe7 9. Qd2 a6 10. 0-0-0 c5 11. f4 Nc6 12. dxc5 Nxc5 13. Bd3 Bd7 14. Ng5 h6 15. Be2 0-0-0 16. Nf3 Rhf8 17. Qe3 Be8 18. Nd4 Nxd4 19. Rxd4 f5 20. g4 Bg6 21. b4 Ne4 22. Nxe4 dxe4 23. Rc4+ Kb8 24. Qb3 fxg4 25. Bxg4 Rxf4 26. Qg3 Qg5 0-1

[Event "Vienna op-A 15th"]
[Site "Vienna"]
[Date "2006.08.01"]
[Round "4"]
[White "Geyler, Stefan"]
[Black "Knaak, Michael"]
[Result "1-0"]
[WhiteElo "2061"]
[BlackElo "1981"]
[PlyCount "49"]
[EventDate "2006.07.29"]
[EventType "swiss"]
[EventRounds "9"]
[EventCountry "AUT"]
[SourceTitle "CBM 113 Extra"]
[Source "ChessBase"]
[SourceDate "2006.09.14"]
[SourceVersion "1"]
[SourceVersionDate "2006.09.14"]
[SourceQuality "1"]

1. e4 e6 2. d3 d5 3. Nd2 Nf6 4. Ngf3 Bc5 5. e5 Nfd7 6. d4 Bb6 7. c3 c5 8. Nb3 c4 9. Nbd2 f6 10. exf6 Nxf6 11. b3 cxb3 12. axb3 0-0 13. Bd3 Nc6 14. 0-0 e5 15. dxe5 Ng4 16. Ba3 Ncxe5 17. Nxe5 Rxf2 18. Rxf2 Nxe5 19. Bxh7+ Kh8 20. Qh5 Bxf2+ 21. Kxf2 Ng4+ 22. Kf1 Nf6 23. Qh4 Qa5 24. Bd3+ Kg8 25. Qb4 1-0

[Event "Vienna op-A 15th"]
[Site "Vienna"]
[Date "2006.07.30"]
[Round "2"]
[White "Ragger, Anna Christina"]
[Black "Knaak, Michael"]
[Result "1-0"]
[WhiteElo "2096"]
[BlackElo "1981"]
[PlyCount "57"]
[EventDate "2006.07.29"]
[EventType "swiss"]
[EventRounds "9"]
[EventCountry "AUT"]
[SourceTitle "CBM 113 Extra"]
[Source "ChessBase"]
[SourceDate "2006.09.14"]
[SourceVersion "1"]
[SourceVersionDate "2006.09.14"]
[SourceQuality "1"]

1. e4 e6 2. d4 d5 3. Nd2 Nc6 4. Ngf3 Nf6 5. e5 Nd7 6. c3 f6 7. exf6 Qxf6 8. Be2 Bd6 9. Nf1 0-0 10. Ng3 e5 11. dxe5 Ndxe5 12. Qxd5+ Be6 13. Qd2 Nxf3+ 14. Bxf3 Rad8 15. Qg5 Qf7 16. 0-0 h6 17. Qh5 Qd7 18. Re1 Ne7 19. Ne4 Rf5 20. Qh3 Rxf3 21. Qxf3 Bd5 22. Qe2 Nf5 23. Nxd6 cxd6 24. Bf4 Qc6 25. f3 Rf8 26. Bg3 Nxg3 27. hxg3 Bxf3 28. gxf3 Rxf3 29. Qe8+ 1-0

[Event "Hamburg Junge op"]
[Site "Hamburg"]
[Date "2005.10.08"]
[Round "8"]
[White "Knaak, Michael"]
[Black "Krausser, Helmut"]
[Result "1-0"]
[WhiteElo "1998"]
[BlackElo "2130"]
[PlyCount "71"]
[EventDate "2005.10.01"]
[EventType "swiss"]
[EventRounds "9"]
[EventCountry "GER"]
[SourceTitle "CBM 108 Extra"]
[Source "ChessBase"]
[SourceDate "2005.11.04"]
[SourceVersion "1"]
[SourceVersionDate "2005.11.04"]
[SourceQuality "1"]

1. e4 c6 2. d4 d5 3. f3 g6 4. Nc3 Bg7 5. Be3 e6 6. Nge2 Nd7 7. Qd2 b5 8. a3 Nb6 9. b3 a5 10. g3 b4 11. axb4 axb4 12. Na4 Nxa4 13. bxa4 dxe4 14. fxe4 c5 15. Bg2 Bb7 16. 0-0 Nf6 17. e5 Nd5 18. Bh6 Bxh6 19. Qxh6 Qd7 20. dxc5 Nc3 21. Nxc3 Qd4+ 22. Rf2 Bxg2 23. Kxg2 Qxc3 24. Raf1 Ra7 25. Qg7 Rf8 26. Rd1 Qxc5 27. Rfd2 Ra8 28. Qf6 Qc7 29. a5 g5 30. Qxg5 f6 31. exf6 e5 32. Rd6 Qxc2+ 33. Kh3 Qc8+ 34. Kh4 Rxa5 35. f7+ Kxf7 36. Rd7+ 1-0

[Event "Hamburg Junge op"]
[Site "Hamburg"]
[Date "2005.10.07"]
[Round "5"]
[White "Jordan, Juergen"]
[Black "Knaak, Michael"]
[Result "1-0"]
[WhiteElo "2142"]
[BlackElo "1998"]
[PlyCount "55"]
[EventDate "2005.10.01"]
[EventType "swiss"]
[EventRounds "9"]
[EventCountry "GER"]
[SourceTitle "CBM 108 Extra"]
[Source "ChessBase"]
[SourceDate "2005.11.04"]
[SourceVersion "1"]
[SourceVersionDate "2005.11.04"]
[SourceQuality "1"]

1. d4 d5 2. Nf3 Nc6 3. Bf4 Bg4 4. e3 e6 5. h3 Bh5 6. c4 Bb4+ 7. Nc3 Nge7 8. Rc1 0-0 9. a3 Bxc3+ 10. Rxc3 f6 11. Be2 g5 12. Bh2 Bf7 13. 0-0 Ng6 14. cxd5 exd5 15. b4 a6 16. Qb3 f5 17. Ne1 f4 18. Nd3 Re8 19. Nc5 Nxd4 20. exd4 Rxe2 21. Nxb7 Qe7 22. Rc5 Qe4 23. Qb1 Qxd4 24. Rxc7 Qb6 25. Qc1 Rae8 26. Qc6 Qd4 27. Rxf7 Qd1 28. Qxe8+ 1-0

[Event "Hamburg League qual"]
[Site "Hamburg"]
[Date "2004.10.31"]
[Round "7"]
[White "Knaak, Michael"]
[Black "Krupa, Boguslaw"]
[Result "1-0"]
[WhiteElo "2125"]
[BlackElo "1901"]
[PlyCount "107"]
[EventDate "2004.10.09"]
[EventType "swiss"]
[EventRounds "7"]
[EventCountry "GER"]
[SourceTitle "EXT 2006"]
[Source "ChessBase"]
[SourceDate "2005.11.24"]
[SourceVersion "1"]
[SourceVersionDate "2005.11.24"]
[SourceQuality "1"]

1. e4 e5 2. Nf3 Nf6 3. Nxe5 d6 4. Nxf7 Kxf7 5. d4 c5 6. dxc5 Nc6 7. Nc3 dxc5 8. Bc4+ Be6 9. Bxe6+ Kxe6 10. Qe2 Nd4 11. Qc4+ Kd7 12. 0-0 Kc6 13. a4 Ng4 14. f4 a6 15. h3 Nf6 16. a5 b5 17. axb6 Kxb6 18. e5 Ne8 19. Rd1 Nc7 20. Be3 Ncb5 21. Na4+ Kb7 22. c3 Qc7 23. cxd4 cxd4 24. Qxc7+ Kxc7 25. Bxd4 Nxd4 26. Rxd4 Kc6 27. Rc1+ Kb5 28. Nc3+ Kc5 29. Rdd1 Rb8 30. Ne4+ Kb4 31. Rc3 Be7 32. Rd4+ Ka5 33. Nd6 Bxd6 34. exd6 Rxb2 35. d7 Rbb8 36. Ra3+ Kb6 37. Rd6+ Kc7 38. Raxa6 Rbd8 39. Rac6+ Kb7 40. Rc2 Rhf8 41. Rd1 Rf6 42. g3 Rc6 43. Rcd2 Kc7 44. Kf2 Rc3 45. Rd3 Rxd3 46. Rxd3 Rxd7 47. Rxd7+ Kxd7 48. Ke3 Ke6 49. Ke4 Kf6 50. g4 h6 51. h4 g6 52. f5 gxf5+ 53. gxf5 h5 54. Kf4 1-0

[Event "Pinneberg-ch"]
[Site "Pinneberg"]
[Date "2004.09.02"]
[Round "4"]
[White "Knaak, Michael"]
[Black "Atri, Jamshid"]
[Result "1-0"]
[WhiteElo "2125"]
[BlackElo "2145"]
[PlyCount "53"]
[EventDate "2004.08.12"]
[EventType "swiss"]
[EventRounds "7"]
[EventCountry "GER"]
[SourceTitle "EXT 2005"]
[Source "ChessBase"]
[SourceDate "2004.11.15"]
[SourceVersion "1"]
[SourceVersionDate "2004.11.15"]
[SourceQuality "1"]

1. e4 d6 2. d4 Nf6 3. Nc3 c6 4. f4 Qa5 5. Bd3 e5 6. Nf3 Bg4 7. Bd2 Bxf3 8. Qxf3 exd4 9. e5 dxe5 10. Ne4 Bb4 11. c3 dxc3 12. bxc3 Be7 13. fxe5 Qxe5 14. 0-0 Nbd7 15. Ng5 0-0 16. Rae1 Bc5+ 17. Kh1 Qd5 18. Qh3 h6 19. c4 Qd6 20. Ne4 Nxe4 21. Rxe4 Nf6 22. Rh4 Rad8 23. Rf3 Qe5 24. Rxh6 gxh6 25. Rg3+ Qxg3 26. Qxg3+ Kh8 27. Bxh6 1-0

[Event "Pinneberg-ch"]
[Site "Pinneberg"]
[Date "2004.08.19"]
[Round "2"]
[White "Knaak, Michael"]
[Black "Bokelbrink, Uwe"]
[Result "0-1"]
[WhiteElo "1836"]
[BlackElo "2254"]
[PlyCount "53"]
[EventDate "2004.08.12"]
[EventType "swiss"]
[EventRounds "7"]
[EventCountry "GER"]
[SourceTitle "EXT 2005"]
[Source "ChessBase"]
[SourceDate "2004.11.15"]
[SourceVersion "1"]
[SourceVersionDate "2004.11.15"]
[SourceQuality "1"]

1. d4 Nf6 2. c4 c5 3. d5 b5 4. cxb5 a6 5. b6 e6 6. Nc3 Nxd5 7. Nxd5 exd5 8. Qxd5 Nc6 9. Nf3 Rb8 10. e4 Be7 11. Bc4 0-0 12. Ng5 Qe8 13. 0-0 Rxb6 14. a3 Nd4 15. Qa8 Nc6 16. Bd5 Rb8 17. Bxc6 Rxa8 18. Bxa8 h6 19. Nf3 d6 20. Bd5 Be6 21. Be3 Bxd5 22. exd5 Bf6 23. Rab1 Qe4 24. Rfd1 Rb8 25. b4 cxb4 26. axb4 Rb5 27. Rb3 0-1

[Event "Pinneberg-ch"]
[Site "Pinneberg"]
[Date "2004.08.12"]
[Round "1"]
[White "Luettig, Hendrik"]
[Black "Knaak, Michael"]
[Result "0-1"]
[WhiteElo "1836"]
[BlackElo "1562"]
[PlyCount "54"]
[EventDate "2004.08.12"]
[EventType "swiss"]
[EventRounds "7"]
[EventCountry "GER"]
[SourceTitle "EXT 2005"]
[Source "ChessBase"]
[SourceDate "2004.11.15"]
[SourceVersion "1"]
[SourceVersionDate "2004.11.15"]
[SourceQuality "1"]

1. c4 e6 2. Nc3 d5 3. cxd5 exd5 4. d4 Nf6 5. Bg5 c6 6. e3 Be7 7. Nf3 0-0 8. h3 Nbd7 9. Bd3 Re8 10. 0-0 Nf8 11. Qb1 g6 12. b4 Ne6 13. Bh4 Ng7 14. Ne2 Bf5 15. Bxf5 Nxf5 16. Bxf6 Bxf6 17. a3 Qd7 18. Qe1 Re4 19. Nc3 Re6 20. Ra2 Nxd4 21. Nxd4 Bxd4 22. Re2 Bg7 23. Nd1 Rae8 24. f3 b6 25. Nf2 f5 26. Kh1 Qe7 27. Nd3 Rxe3 0-1